[Event "Belgrade Radnicki IM 05"]
[Site "Belgrade"]
[Date "2025.05.21"]
[Round "5"]
[White "Krivenko, Sergey"]
[Black "Pavan Karthikeya, Varma Guntur"]
[Result "1-0"]
[WhiteElo "2278"]
[BlackElo "2173"]
[PlyCount "111"]
[EventDate "2025.05.17"]
[EventType "tourn"]
[EventRounds "9"]
[EventCountry "SRB"]
[EventCategory "1"]
[SourceTitle "CB22_2025"]
[SourceDate "2025.05.28"]
[SourceVersion "1"]
[SourceVersionDate "2025.05.28"]
[SourceQuality "1"]

1. d4 Nf6 2. c4 e6 3. Nc3 Bb4 4. Qb3 Bxc3+ 5. Qxc3 0-0 6. Bg5 b6 7. f3 d5 8. e3 dxc4 9. Bxc4 Bb7 10. Ne2 Nbd7 11. 0-0 Qe7 12. e4 e5 13. d5 h6 14. Be3 Rac8 15. Ng3 Rfd8 16. Nf5 Qf8 17. Rac1 Ne8 18. Bb5 Nd6 19. Bxd7 Rxd7 20. Qxe5 Re8 21. Qf4 g5 22. Qg4 Bc8 23. Bxg5 hxg5 24. Qxg5+ Kh7 25. Qh5+ Kg8 26. Nh6+ Kg7 27. Qg5+ Kh8 28. Ng4 f5 29. Nf6 Rf7 30. Qh5+ Kg7 31. Qg5+ Kh8 32. Nxe8 Qxe8 33. Rfe1 fxe4 34. fxe4 Rg7 35. Qf6 Kg8 36. e5 Rg6 37. Qf2 Nf7 38. Rxc7 Ng5 39. Kh1 Bh3 40. gxh3 Qd8 41. d6 Qa8+ 42. Qg2 Qxg2+ 43. Kxg2 Ne6+ 44. Kf3 Nxc7 45. dxc7 Rc6 46. Ke4 Rxc7 47. Rf1 Rc2 48. Rf3 Rxb2 49. a3 b5 50. e6 Re2+ 51. Kd5 a5 52. Kd6 b4 53. axb4 axb4 54. e7 Rd2+ 55. Kc7 Re2 56. Rf8+ 1-0

[Event "Belgrade Radnicki IM 03"]
[Site "Belgrade"]
[Date "2025.03.09"]
[Round "7"]
[White "Krivenko, Sergey"]
[Black "Khodko, Yurii N"]
[Result "0-1"]
[WhiteElo "2268"]
[BlackElo "2354"]
[PlyCount "74"]
[EventDate "2025.03.03"]
[EventType "tourn"]
[EventRounds "9"]
[EventCountry "SRB"]
[EventCategory "1"]
[SourceTitle "CB11_2025"]
[SourceDate "2025.03.12"]
[SourceVersion "1"]
[SourceVersionDate "2025.03.12"]
[SourceQuality "1"]

1. e4 e6 2. d4 d5 3. Nc3 Nf6 4. e5 Nfd7 5. f4 c5 6. Nf3 a6 7. Be3 b5 8. a3 Nc6 9. Qd2 Qb6 10. Nd1 b4 11. axb4 cxd4 12. Nxd4 Bxb4 13. c3 Bc5 14. Nxc6 Bxe3 15. Nxe3 Qxc6 16. b4 a5 17. Qd4 axb4 18. Rxa8 Qxa8 19. cxb4 0-0 20. Bb5 Nb8 21. 0-0 Ba6 22. Bxa6 Qxa6 23. f5 Nd7 24. f6 gxf6 25. exf6 Kh8 26. Ng4 Qb6 27. Qxb6 Nxb6 28. Nh6 d4 29. Rf4 Nd5 30. Rxd4 Nxf6 31. Kf2 Nd5 32. Rg4 f5 33. Rh4 Kg7 34. g4 fxg4+ 35. Ke1 Kg6 36. Nxg4 Kg5 37. Rxh7 Kxg4 0-1

[Event "Belgrade Radnicki IM 03"]
[Site "Belgrade"]
[Date "2025.03.05"]
[Round "3"]
[White "Krivenko, Sergey"]
[Black "Milosevic, Milos"]
[Result "1-0"]
[WhiteElo "2268"]
[BlackElo "2336"]
[PlyCount "83"]
[EventDate "2025.03.03"]
[EventType "tourn"]
[EventRounds "9"]
[EventCountry "SRB"]
[EventCategory "1"]
[SourceTitle "CB11_2025"]
[SourceDate "2025.03.12"]
[SourceVersion "1"]
[SourceVersionDate "2025.03.12"]
[SourceQuality "1"]

1. d4 Nf6 2. Nf3 g6 3. c4 Bg7 4. Nc3 0-0 5. Bg5 c5 6. d5 d6 7. h3 e6 8. e4 exd5 9. cxd5 Re8 10. Bd3 c4 11. Bc2 Qb6 12. 0-0 Qxb2 13. Bd2 Qb6 14. Rb1 Qd8 15. Qe2 a6 16. a4 b5 17. axb5 axb5 18. Nxb5 Ba6 19. Qxc4 Nbd7 20. Rfe1 Rc8 21. Qa2 Bxb5 22. Rxb5 Qc7 23. Bb1 Nc5 24. Rb4 Nfd7 25. Qc2 Qa7 26. Qd1 Qa6 27. Re2 f5 28. Be1 Rc7 29. Ra2 Qc8 30. exf5 Na6 31. Re4 Ne5 32. Rc2 Nc5 33. Re3 gxf5 34. Nxe5 Bxe5 35. Bc3 f4 36. Rxe5 dxe5 37. d6 Rg7 38. Qd5+ Ne6 39. Bxe5 Qb7 40. Ba2 Rf7 41. Qxb7 Rxb7 42. Rc8 1-0

[Event "Belgrade-chT Premier"]
[Site "Belgrade"]
[Date "2024.10.16"]
[Round "8.2"]
[White "Marinovic, Bozidar"]
[Black "Krivenko, Sergey"]
[Result "0-1"]
[WhiteElo "2324"]
[BlackElo "2278"]
[PlyCount "86"]
[EventDate "2024.10.09"]
[EventType "team-tourn"]
[EventRounds "11"]
[EventCountry "SRB"]
[SourceTitle "CB44_2024"]
[Source "Chessbase"]
[SourceDate "2024.10.30"]
[SourceVersion "1"]
[SourceVersionDate "2024.10.30"]
[SourceQuality "1"]
[WhiteTeam "Belgrade Zmaj II"]
[BlackTeam "Belgrade Radnicki"]
[WhiteTeamCountry "SRB"]
[BlackTeamCountry "SRB"]

1. e4 c5 2. c3 e6 3. d4 d5 4. exd5 Qxd5 5. Nf3 Nf6 6. Be2 Nc6 7. 0-0 cxd4 8. cxd4 Be7 9. Nc3 Qd8 10. Be3 0-0 11. Ne5 Nd5 12. Nxd5 exd5 13. Nxc6 bxc6 14. Qc2 Qb6 15. Rac1 Bd7 16. Rfd1 Bd6 17. Bd3 g6 18. Qd2 Rfe8 19. Rc2 Re6 20. Be2 Rae8 21. g3 Qb8 22. Kg2 f5 23. Bf3 f4 24. Bxf4 Bxf4 25. Qxf4 Qxf4 26. gxf4 Rf6 27. Rc3 Rxf4 28. Rd2 g5 29. Bd1 Ree4 30. Rcd3 Bf5 31. f3 Re7 32. Rc3 Bd7 33. Rcd3 Rh4 34. Re2 Kf8 35. Rxe7 Kxe7 36. b4 Kd6 37. Be2 Kc7 38. Rd2 Kb6 39. Kg3 Bc8 40. Bf1 Ba6 41. Bh3 Bc4 42. Bg4 Kb5 43. Bd7 Kxb4 0-1

[Event "Belgrade-chT Premier"]
[Site "Belgrade"]
[Date "2024.10.10"]
[Round "2.2"]
[White "Cobic, Vladimir"]
[Black "Krivenko, Sergey"]
[Result "1/2-1/2"]
[WhiteElo "2200"]
[BlackElo "2278"]
[PlyCount "33"]
[EventDate "2024.10.09"]
[EventType "team-tourn"]
[EventRounds "11"]
[EventCountry "SRB"]
[SourceTitle "CB44_2024"]
[Source "Chessbase"]
[SourceDate "2024.10.30"]
[SourceVersion "1"]
[SourceVersionDate "2024.10.30"]
[SourceQuality "1"]
[WhiteTeam "Lila Ma Mladenovac"]
[BlackTeam "Belgrade Radnicki"]
[WhiteTeamCountry "SRB"]
[BlackTeamCountry "SRB"]

1. e4 e6 2. f4 d5 3. e5 c5 4. Nf3 Nc6 5. c3 Nh6 6. Na3 Be7 7. Nc2 f6 8. d4 0-0 9. Bd3 cxd4 10. cxd4 b5 11. 0-0 Qb6 12. Kh1 b4 13. exf6 Bxf6 14. Ne5 a5 15. Be3 Ra7 16. Rc1 Rc7 17. Qe2 1/2-1/2

[Event "Belgrade Radnicki IM 07"]
[Site "Belgrade"]
[Date "2024.07.29"]
[Round "7"]
[White "Krivenko, Sergey"]
[Black "Damljanovic, Branko"]
[Result "1/2-1/2"]
[WhiteElo "2268"]
[BlackElo "2364"]
[PlyCount "118"]
[EventDate "2024.07.23"]
[EventType "tourn"]
[EventRounds "9"]
[EventCountry "SRB"]
[SourceTitle "EXT 2025"]
[Source "ChessBase"]
[SourceDate "2024.10.14"]
[SourceVersion "1"]
[SourceVersionDate "2024.10.14"]
[SourceQuality "1"]

1. d4 Nf6 2. Nf3 g6 3. Bg5 Bg7 4. Nbd2 d6 5. c3 Nbd7 6. e4 h6 7. Bh4 e5 8. Bd3 0-0 9. 0-0 Qe8 10. Re1 Nh5 11. dxe5 dxe5 12. Nc4 Nb6 13. a4 Nf4 14. a5 Nxd3 15. Qxd3 Nxc4 16. Qxc4 g5 17. Bg3 Qe7 18. a6 bxa6 19. Ra5 Be6 20. Qxa6 f6 21. b4 Rfd8 22. Rea1 Rd6 23. Qb7 Qd8 24. Qb5 h5 25. h4 g4 26. Ne1 c6 27. Qb7 Bh6 28. Rxa7 Rxa7 29. Rxa7 Rd7 30. Ra8 Rxb7 31. Rxd8+ Kf7 32. Nd3 Bf8 33. f4 Be7 34. Nc5 Bxc5+ 35. bxc5 Rb3 36. Rd3 Bc4 37. Rd7+ Ke8 38. Rd6 Rxc3 39. Kh2 Rc2 40. fxe5 Bf1 41. Kg1 Rxg2+ 42. Kxf1 Rxg3 43. Rxc6 f5 44. exf5 Rf3+ 45. Kg2 Rxf5 46. Rg6 Rxe5 47. Rg5 Re3 48. Rxh5 Rc3 49. Rg5 Kd7 50. Rxg4 Rxc5 51. Re4 Kd6 52. Kg3 Re5 53. Rf4 Ke6 54. Kg4 Re1 55. h5 Rg1+ 56. Kh4 Rg7 57. h6 Rf7 58. Rg4 Rf1 59. Kg5 Kf7 1/2-1/2

[Event "Belgrade Radnicki IM 07"]
[Site "Belgrade"]
[Date "2024.07.27"]
[Round "5"]
[White "Mijailovic, Zoran"]
[Black "Krivenko, Sergey"]
[Result "1/2-1/2"]
[WhiteElo "2293"]
[BlackElo "2268"]
[PlyCount "78"]
[EventDate "2024.07.23"]
[EventType "tourn"]
[EventRounds "9"]
[EventCountry "SRB"]
[SourceTitle "EXT 2025"]
[Source "ChessBase"]
[SourceDate "2024.10.14"]
[SourceVersion "1"]
[SourceVersionDate "2024.10.14"]
[SourceQuality "1"]

1. d4 Nf6 2. c4 g6 3. Nc3 Bg7 4. e4 0-0 5. Nf3 d6 6. Be2 e5 7. 0-0 Nbd7 8. Qc2 c6 9. Rd1 Qe7 10. d5 c5 11. Bg5 h6 12. Bh4 g5 13. Bg3 Nh5 14. Nd2 Ndf6 15. Nf1 Nf4 16. Ne3 h5 17. h3 Bh6 18. Re1 Kh8 19. Nf5 Bxf5 20. exf5 Rg8 21. Ne4 Nxe4 22. Qxe4 Nxe2+ 23. Rxe2 g4 24. h4 Rab8 25. Rb1 Qd8 26. b4 cxb4 27. c5 a5 28. f6 Qxf6 29. cxd6 Bf4 30. Rc1 Rgd8 31. Rc7 Rxd6 32. Qxe5 Qxe5 33. Rxe5 Bxg3 34. fxg3 Kg7 35. Rf5 Rf6 36. Rg5+ Kh6 37. d6 Rxd6 38. Rxf7 Rc8 39. Rxb7 Rd1+ 1/2-1/2

[Event "Belgrade Serbia op"]
[Site "Belgrade"]
[Date "2024.07.16"]
[Round "5"]
[White "Polschikov, Alexey"]
[Black "Krivenko, Sergey"]
[Result "1/2-1/2"]
[WhiteElo "2376"]
[BlackElo "2268"]
[PlyCount "47"]
[EventDate "2024.07.12"]
[EventType "swiss"]
[EventRounds "9"]
[EventCountry "SRB"]
[SourceTitle "CBM 221 Extra"]
[Source "ChessBase"]
[SourceDate "2024.09.30"]
[SourceVersion "1"]
[SourceVersionDate "2024.09.30"]
[SourceQuality "1"]

1. e4 c5 2. Nf3 e6 3. c3 Nf6 4. e5 Nd5 5. d4 cxd4 6. cxd4 b6 7. Bc4 Ba6 8. Bxa6 Nxa6 9. 0-0 Be7 10. Qe2 Nac7 11. Nfd2 0-0 12. Ne4 Rc8 13. a3 f5 14. exf6 gxf6 15. Bh6 Rf7 16. Nec3 Bf8 17. Bxf8 Qxf8 18. Qf3 Qh6 19. Rd1 Qf4 20. Qxf4 Nxf4 21. g3 Nfd5 22. Ne4 Ne8 23. Nbc3 Nxc3 24. Nxc3 1/2-1/2

[Event "Belgrade Serbia op"]
[Site "Belgrade"]
[Date "2024.07.13"]
[Round "2"]
[White "Krivenko, Sergey"]
[Black "Agibileg, Uurtsaikh"]
[Result "1/2-1/2"]
[WhiteElo "2268"]
[BlackElo "2418"]
[PlyCount "140"]
[EventDate "2024.07.12"]
[EventType "swiss"]
[EventRounds "9"]
[EventCountry "SRB"]
[SourceTitle "CBM 221 Extra"]
[Source "ChessBase"]
[SourceDate "2024.09.30"]
[SourceVersion "1"]
[SourceVersionDate "2024.09.30"]
[SourceQuality "1"]

1. d4 Nf6 2. c4 g6 3. Nc3 Bg7 4. e4 d6 5. h3 0-0 6. Be3 e5 7. d5 a5 8. g4 Na6 9. f3 h5 10. Qd2 Nh7 11. 0-0-0 h4 12. Bd3 Nc5 13. Bc2 Bd7 14. Qf2 Bf6 15. Nge2 Bg5 16. Kb1 Bxe3 17. Qxe3 Qg5 18. Qf2 a4 19. a3 Rfb8 20. Nb5 Bxb5 21. cxb5 Nf6 22. Rhf1 Re8 23. Nc3 Kg7 24. Rg1 Nfd7 25. Rdf1 Re7 26. Ka2 Nb6 27. Qe2 Kf8 28. Rg2 Ke8 29. Rgf2 Kd7 30. Qd2 Qxd2 31. Rxd2 Ke8 32. Rg2 Kf8 33. g5 Kg7 34. Rg4 Rh8 35. Rf2 Ree8 36. Nd1 Nc4 37. Re2 Ra8 38. Nc3 Kf8 39. Kb1 Ke7 40. Ka2 Nb6 41. Kb1 Nbd7 42. Reg2 Kd8 43. Rf2 Rh7 44. f4 exf4 45. Rfxf4 Ke7 46. Rxh4 Rxh4 47. Rxh4 Ne5 48. Bd1 f6 49. Rh7+ Nf7 50. Rg7 fxg5 51. Rxg6 Rh8 52. Bg4 Nd3 53. Re6+ Kf8 54. Nxa4 Nf4 55. Rf6 Kg7 56. Rf5 Kg6 57. b6 cxb6 58. Nxb6 Nh6 59. Nc4 Nxf5 60. Bxf5+ Kf6 61. Nxd6 Nxh3 62. Nxb7 Nf2 63. d6 g4 64. Bxg4 Nxg4 65. d7 Ke7 66. d8Q+ Rxd8 67. Nxd8 Kxd8 68. Kc2 Nf2 69. a4 Nxe4 70. b4 Kc7 1/2-1/2

[Event "Malaya Zemlya op"]
[Site "Novorossiysk"]
[Date "2021.07.14"]
[Round "3"]
[White "Osipov, Aleksandr"]
[Black "Krivenko, Sergey"]
[Result "1/2-1/2"]
[WhiteElo "2060"]
[BlackElo "2279"]
[PlyCount "115"]
[EventDate "2021.07.12"]
[EventType "swiss"]
[EventRounds "9"]
[EventCountry "RUS"]
[SourceTitle "CBM 203 Extra"]
[Source "ChessBase"]
[SourceDate "2021.09.30"]
[SourceVersion "1"]
[SourceVersionDate "2021.09.30"]
[SourceQuality "1"]

1. d4 Nf6 2. c4 e6 3. g3 Bb4+ 4. Nc3 0-0 5. Bg2 d6 6. Qb3 Nc6 7. Nf3 a5 8. a3 a4 9. Qc2 Bxc3+ 10. Qxc3 Qe7 11. Be3 Na5 12. 0-0 b6 13. Qc2 Nb3 14. Rad1 Bb7 15. Nd2 Bxg2 16. Kxg2 Nxd2 17. Bxd2 e5 18. dxe5 Qxe5 19. Bc3 Qe4+ 20. Qxe4 Nxe4 21. Bd4 f5 22. f3 Nc5 23. Kf2 Rab8 24. Bc3 Rbe8 25. Rd4 Re6 26. Re1 Nd7 27. Red1 Ne5 28. h4 Nd7 29. Rf4 Re7 30. Rd5 g6 31. h5 Nc5 32. hxg6 hxg6 33. Rh4 Rfe8 34. Rd2 Nb3 35. Rc2 Rh7 36. Rxh7 Kxh7 37. e3 g5 38. Re2 g4 39. Re1 Kg6 40. e4 Rf8 41. e5 dxe5 42. Rxe5 Nc5 43. Re7 Rf7 44. Rxf7 Kxf7 45. fxg4 fxg4 46. Ke3 Ke6 47. Kf4 Nb7 48. Kxg4 c5 49. Kf4 Nd6 50. g4 Nxc4 51. g5 b5 52. g6 b4 53. axb4 cxb4 54. Bxb4 Kf6 55. Bc3+ Kxg6 56. Ke4 Nxb2 57. Bxb2 a3 58. Bxa3 1/2-1/2

[Event "EU-ch Online 2300+ Final"]
[Site "Chess.com INT"]
[Date "2020.05.30"]
[Round "1"]
[White "Krivenko, Sergey"]
[Black "Kantans, Toms"]
[Result "0-1"]
[WhiteElo "2279"]
[BlackElo "2499"]
[PlyCount "146"]
[EventDate "2020.05.30"]
[EventType "swiss"]
[EventRounds "8"]
[EventCountry "NET"]
[SourceTitle "CBM 196 Extra"]
[Source "ChessBase"]
[SourceDate "2020.07.31"]
[SourceVersion "1"]
[SourceVersionDate "2020.07.31"]
[SourceQuality "1"]

1. d4 Nf6 2. Nf3 g6 3. Bg5 Bg7 4. Nbd2 d5 5. e3 0-0 6. Be2 Bf5 7. 0-0 Nbd7 8. c3 c5 9. Qb3 b6 10. a4 h6 11. Bh4 g5 12. Bg3 e6 13. Qa3 c4 14. b3 cxb3 15. Qxb3 Qe7 16. Rfc1 Nh5 17. c4 Nxg3 18. hxg3 dxc4 19. Nxc4 Rab8 20. Bd3 Bxd3 21. Qxd3 Rfc8 22. Qb3 Rc7 23. Na3 Nf6 24. Rxc7 Qxc7 25. Nb5 Qe7 26. Rc1 a6 27. Nc3 Qb7 28. Ne5 Nd7 29. Nxd7 Qxd7 30. Ne4 Qb7 31. f3 Bf8 32. d5 exd5 33. Nf6+ Kg7 34. Qc3 Kg6 35. g4 Bg7 36. Qd3+ Kxf6 37. Qc3+ Ke6 38. Qxg7 Rc8 39. Qxh6+ f6 40. Rd1 Qc7 41. e4 dxe4 42. Qg6 Qc5+ 43. Kf1 Qe5 44. Re1 e3 45. Qd3 Rc3 46. Qxa6 Qd4 47. Qb7 Rc2 48. Qe4+ Qxe4 49. fxe4 Rc4 50. Rxe3 Rxa4 51. Rb3 Rxe4 52. Rxb6+ Ke5 53. Rb5+ Ke6 54. Kf2 Rxg4 55. g3 Rd4 56. Rb2 Kf5 57. Kf3 Rd3+ 58. Kg2 Ke4 59. Rb4+ Rd4 60. Rb2 Rd3 61. Rb6 f5 62. Re6+ Kd5 63. Rg6 g4 64. Rf6 Rd2+ 65. Kg1 Ke4 66. Kf1 Ra2 67. Rf8 Rb2 68. Rf7 Rb1+ 69. Kf2 Rb2+ 70. Kf1 Rb5 71. Rf8 Kf3 72. Rc8 Kxg3 73. Rc3+ Kh4 0-1

[Event "EU-ch Online 2300+ Final"]
[Site "Chess.com INT"]
[Date "2020.05.30"]
[Round "4"]
[White "Krivenko, Sergey"]
[Black "Krayz, Alexander"]
[Result "0-1"]
[WhiteElo "2279"]
[BlackElo "2350"]
[PlyCount "96"]
[EventDate "2020.05.30"]
[EventType "swiss"]
[EventRounds "8"]
[EventCountry "NET"]
[SourceTitle "CBM 196 Extra"]
[Source "ChessBase"]
[SourceDate "2020.07.31"]
[SourceVersion "1"]
[SourceVersionDate "2020.07.31"]
[SourceQuality "1"]

1. d4 Nf6 2. Nf3 e6 3. Bf4 b6 4. e3 Bb7 5. h3 Be7 6. Bd3 c5 7. Nbd2 Nc6 8. c3 d6 9. Bh2 a6 10. a4 0-0 11. 0-0 Re8 12. Qb3 Bf8 13. e4 cxd4 14. cxd4 Na5 15. Qd1 d5 16. e5 Ne4 17. Qe2 Bb4 18. Nxe4 dxe4 19. Bxe4 Bxe4 20. Qxe4 Qd5 21. Qd3 Nb3 22. Ng5 h6 23. Qh7+ Kf8 24. Nf3 Ke7 25. Rad1 Rg8 26. Bg3 Rac8 27. Qd3 a5 28. Bf4 g5 29. Bg3 h5 30. Qe3 h4 31. Bh2 g4 32. hxg4 Rxg4 33. Rd3 Rcg8 34. Rxb3 Rxg2+ 35. Kh1 R2g4 36. Rg1 Rxg1+ 37. Bxg1 Rg4 38. Bh2 Qc4 39. Rd3 Qc2 40. Bf4 Qb1+ 41. Kh2 Qf1 42. Bg5+ Ke8 43. Nxh4 Qg1+ 44. Kh3 Rxg5 45. Qf4 Qf1+ 46. Kh2 Qg1+ 47. Kh3 Qh1+ 48. Qh2 Qf1+ 0-1

[Event "EU-ch Online 2300+ Qual"]
[Site "Chess.com INT"]
[Date "2020.05.29"]
[Round "1"]
[White "Abasov, Nijat Azad"]
[Black "Krivenko, Sergey"]
[Result "1-0"]
[WhiteElo "2664"]
[BlackElo "2279"]
[PlyCount "49"]
[EventDate "2020.05.29"]
[EventType "swiss"]
[EventRounds "8"]
[EventCountry "NET"]
[SourceTitle "CBM 196 Extra"]
[Source "ChessBase"]
[SourceDate "2020.07.31"]
[SourceVersion "1"]
[SourceVersionDate "2020.07.31"]
[SourceQuality "1"]

1. e4 e6 2. d4 d5 3. exd5 exd5 4. Nf3 Bd6 5. Bd3 Nc6 6. h3 Nge7 7. 0-0 Bf5 8. Re1 0-0 9. Nc3 Bb4 10. Bxf5 Nxf5 11. Qd3 Qd7 12. a3 Bxc3 13. Qxc3 Rfe8 14. Rxe8+ Rxe8 15. Qd3 Nd6 16. Bf4 Ne4 17. Re1 Ne7 18. Nd2 Nxd2 19. Qxd2 Nf5 20. Rxe8+ Qxe8 21. Bxc7 Qe4 22. c3 Nh4 23. f3 Qxf3 24. Qg5 Qf6 25. Qxd5 1-0

[Event "EU-ch Online U2300 Final"]
[Site "Chess.com INT"]
[Date "2020.05.26"]
[Round "2"]
[White "Krivenko, Sergey"]
[Black "Suleymanli, Aydin Elshan"]
[Result "0-1"]
[WhiteElo "2279"]
[BlackElo "2512"]
[PlyCount "88"]
[EventDate "2020.05.26"]
[EventType "swiss"]
[EventRounds "8"]
[EventCountry "NET"]
[SourceTitle "CBM 196 Extra"]
[Source "ChessBase"]
[SourceDate "2020.07.31"]
[SourceVersion "1"]
[SourceVersionDate "2020.07.31"]
[SourceQuality "1"]

1. d4 Nf6 2. Bg5 d5 3. Nd2 Nbd7 4. Ngf3 e6 5. e3 Be7 6. Bd3 c5 7. c3 Qc7 8. 0-0 0-0 9. Rc1 c4 10. Bb1 b5 11. e4 dxe4 12. Nxe4 Bb7 13. Nxf6+ Bxf6 14. Qc2 g6 15. Bh6 Rfe8 16. Qd1 Rad8 17. Re1 e5 18. Qe2 Qb8 19. Be3 exd4 20. Nxd4 Nc5 21. Rcd1 Bd5 22. Nf3 Qb7 23. Rd2 Bxf3 24. Qxf3 Qxf3 25. gxf3 Rxd2 26. Bxd2 Rd8 27. Bc1 Kg7 28. Kf1 a5 29. Ke2 b4 30. cxb4 axb4 31. Rd1 Re8+ 32. Kf1 Na4 33. Rd2 Bg5 34. Rc2 Bxc1 35. Rxc1 Nxb2 36. Bc2 Ra8 37. Bb1 c3 38. Ke2 Nc4 39. Kd3 Nd2 40. Ke3 Nxb1 41. Rxb1 c2 42. Rc1 Rxa2 43. Kd2 b3 44. Kc3 b2 0-1